| 000 | 00575nam a2200193Ia 4500 | ||
|---|---|---|---|
| 003 | GCL | ||
| 008 | 140319s9999 xx 000 0 ara d | ||
| 040 |
_aGCL / _cGCL |
||
| 082 | 0 | 4 |
_aم _b413.1 _bم م |
| 100 | 1 | _aمجدى وهبة | |
| 245 | 1 | 0 |
_aمعجم المصطلحات العربية فى اللغة والادب / _cمجدى وهبة |
| 700 | 1 | _aكامل المهندس | |
| 260 |
_a[S.N] : _bدار الكتب المصرية ، _c1979 |
||
| 300 | _a272 ص | ||
| 650 | 0 | 4 | _aاللغات |
| 650 | 0 | 4 | _aالمعاجم |
| 650 | 0 | 4 | _aالاداب |
| 942 |
_2ddc _cREF |
||
| 999 |
_c59299 _d59299 |
||